[Event "AUT-ch"]
[Site "Pinkafeld"]
[Date "2015.08.02"]
[Round "9"]
[White "Hupfer, Robert"]
[Black "Koch, Enrico"]
[Result "1/2-1/2"]
[WhiteElo "1991"]
[BlackElo "2029"]
[PlyCount "71"]
[EventDate "2015.07.25"]
[EventType "swiss"]
[EventRounds "9"]
[EventCountry "AUT"]
[SourceTitle "CBM 167 Extra"]
[Source "ChessBase"]
[SourceDate "2015.09.14"]
[SourceVersion "1"]
[SourceVersionDate "2015.09.14"]
[SourceQuality "1"]

1. d4 Nf6 2. c4 e6 3. Nf3 d5 4. Nc3 c6 5. e3 Bb4 6. Bd3 Ne4 7. Qc2 f5 8. Bd2 Bxc3 9. Bxc3 0-0 10. 0-0 g5 11. Ne5 Nd7 12. Nxd7 Bxd7 13. Bb4 Rf7 14. f3 Nf6 15. e4 dxe4 16. fxe4 Ng4 17. Qe2 Be8 18. Bc3 Qc7 19. e5 Qe7 20. h3 Nh6 21. Qh5 Kg7 22. Kh1 Rf8 23. Qf3 f4 24. d5 Bg6 25. Bxg6 hxg6 26. dxe6 Qxe6 27. Rfd1 Nf5 28. Qd3 Rf7 29. Kg1 Re8 30. Rd2 Kh6 31. b3 Ng3 32. Qf3 Qf5 33. Re1 Rd7 34. Rxd7 Qxd7 35. Rd1 Qf5 36. Kh2 1/2-1/2

[Event "AUT-ch"]
[Site "Pinkafeld"]
[Date "2015.07.30"]
[Round "6"]
[White "Sepetavc, Walter"]
[Black "Koch, Enrico"]
[Result "1/2-1/2"]
[WhiteElo "1987"]
[BlackElo "2029"]
[PlyCount "59"]
[EventDate "2015.07.25"]
[EventType "swiss"]
[EventRounds "9"]
[EventCountry "AUT"]
[SourceTitle "CBM 167 Extra"]
[Source "ChessBase"]
[SourceDate "2015.09.14"]
[SourceVersion "1"]
[SourceVersionDate "2015.09.14"]
[SourceQuality "1"]

1. e4 c5 2. Nf3 Nc6 3. d4 cxd4 4. Nxd4 Nf6 5. Nc3 g6 6. Nxc6 dxc6 7. Qxd8+ Kxd8 8. Bc4 e6 9. Bg5 Be7 10. 0-0 h6 11. Bf4 b5 12. Rad1+ Bd7 13. Bd3 Nh5 14. Be3 e5 15. Ne2 g5 16. Rd2 Kc7 17. Rfd1 Be6 18. b3 Nf4 19. c3 Rhd8 20. Kf1 a5 21. Bc2 Rxd2 22. Rxd2 a4 23. f3 axb3 24. Bxb3 Bxb3 25. axb3 Ra1+ 26. Kf2 c5 27. Ng3 Ra3 28. Nf5 Bf8 29. g3 Ne6 30. Rb2 1/2-1/2

[Event "AUT-ch"]
[Site "Pinkafeld"]
[Date "2015.07.27"]
[Round "3"]
[White "Koch, Enrico"]
[Black "Hatzl, Johannes"]
[Result "0-1"]
[WhiteElo "2029"]
[BlackElo "2114"]
[PlyCount "54"]
[EventDate "2015.07.25"]
[EventType "swiss"]
[EventRounds "9"]
[EventCountry "AUT"]
[SourceTitle "CBM 167 Extra"]
[Source "ChessBase"]
[SourceDate "2015.09.14"]
[SourceVersion "1"]
[SourceVersionDate "2015.09.14"]
[SourceQuality "1"]

1. e4 e5 2. d4 exd4 3. c3 dxc3 4. Bc4 d6 5. Nf3 Nc6 6. 0-0 Nf6 7. Qb3 Qd7 8. Rd1 cxb2 9. Bxb2 Na5 10. Qc2 Nxc4 11. Qxc4 Qc6 12. Qd3 Be7 13. e5 dxe5 14. Bxe5 0-0 15. Nbd2 Rd8 16. Qf1 Nd5 17. Rdc1 Qd7 18. Rc4 c6 19. Qd3 Qf5 20. Ne4 Be6 21. Qe2 Nb6 22. Rcc1 Ba3 23. Rd1 Bd5 24. Qd3 Qxe4 25. Qxa3 Nc4 26. Qd3 Qxd3 27. Rxd3 Bxf3 0-1

[Event "Regionalliga SW 0809"]
[Site "Bayern"]
[Date "2009.03.15"]
[Round "8.7"]
[White "Amelang, Thomas"]
[Black "Koch, Enrico"]
[Result "1/2-1/2"]
[WhiteElo "2064"]
[BlackElo "2046"]
[PlyCount "32"]
[EventDate "2008.10.05"]
[EventType "team-tourn"]
[EventRounds "9"]
[EventCountry "GER"]
[SourceTitle "EXT 2020"]
[Source "ChessBase"]
[SourceDate "2019.10.17"]
[SourceVersion "1"]
[SourceVersionDate "2019.10.17"]
[SourceQuality "1"]
[WhiteTeam "Muenchen Siemens"]
[BlackTeam "Muenchen Tarrasch II"]
[WhiteTeamCountry "GER"]
[BlackTeamCountry "GER"]

1. e4 c5 2. Nc3 e6 3. g3 d5 4. d3 Nc6 5. Bg2 dxe4 6. Nxe4 Nf6 7. Ne2 Be7 8. 0-0 0-0 9. Nxf6+ Bxf6 10. Nc3 Bd7 11. Ne4 Be7 12. Be3 b6 13. Nd2 Rc8 14. Re1 Nb4 15. Nf3 Bc6 16. Bd2 Bf6 1/2-1/2

[Event "Regionalliga SW 0506"]
[Site "Bayern"]
[Date "2006.04.02"]
[Round "9.3"]
[White "Baeuml, Ulrich"]
[Black "Koch, Enrico"]
[Result "1-0"]
[WhiteElo "2015"]
[BlackElo "2035"]
[PlyCount "62"]
[EventDate "2005.10.23"]
[EventType "team-tourn"]
[EventRounds "9"]
[EventCountry "GER"]
[SourceTitle "EXT 2007"]
[Source "ChessBase"]
[SourceDate "2006.11.23"]
[SourceVersion "1"]
[SourceVersionDate "2006.11.23"]
[SourceQuality "1"]

1. c4 Nf6 2. g3 d5 3. Bg2 dxc4 4. Nf3 c6 5. a4 Bf5 6. Na3 Qc8 7. Nxc4 Na6 8. Nce5 Nd7 9. 0-0 Nxe5 10. Nxe5 Qe6 11. d4 f6 12. e4 Bh3 13. d5 Qc8 14. Qh5+ g6 15. Nxg6 Bg4 16. Qh4 hxg6 17. Qxh8 Qd7 18. dxc6 bxc6 19. Bh6 0-0-0 20. Bxf8 Qe6 21. Qh6 g5 22. e5 Qf7 23. exf6 exf6 24. Bg7 Rd6 25. Qh8+ Rd8 26. Qh6 Rd6 27. Rac1 Nb4 28. h4 Kd7 29. hxg5 Be2 30. g6 Qe7 31. Bf8 Qe6 1-0

[Event "Regionalliga SW 0506"]
[Site "Bayern"]
[Date "2006.01.29"]
[Round "6.4"]
[White "Walter, Mario E"]
[Black "Koch, Enrico"]
[Result "0-1"]
[WhiteElo "1915"]
[BlackElo "2043"]
[PlyCount "56"]
[EventDate "2005.10.23"]
[EventType "team-tourn"]
[EventRounds "9"]
[EventCountry "GER"]
[SourceTitle "EXT 2007"]
[Source "ChessBase"]
[SourceDate "2006.11.23"]
[SourceVersion "1"]
[SourceVersionDate "2006.11.23"]
[SourceQuality "1"]

1. Nf3 d5 2. g3 c5 3. Bg2 Nc6 4. 0-0 e5 5. d3 Bd6 6. e4 d4 7. Nbd2 Nge7 8. Nc4 Bc7 9. a4 0-0 10. Nh4 Be6 11. b3 a6 12. f4 exf4 13. gxf4 f5 14. Qe2 Qd7 15. Nf3 fxe4 16. dxe4 Bxf4 17. Bxf4 Rxf4 18. Nb6 Qd8 19. Nxa8 Ng6 20. Nb6 Qxb6 21. Ng5 Nce5 22. Nxe6 Qxe6 23. Qh5 Rg4 24. Qh3 Nh4 25. Kh1 Nxg2 26. Rf5 Ne3 27. Rh5 Ng6 28. Rxh7 Qxe4+ 0-1

[Event "Regionalliga SW 0405"]
[Site "Bayern"]
[Date "2005.01.16"]
[Round "5.6"]
[White "Rajic, Ivica"]
[Black "Koch, Enrico"]
[Result "0-1"]
[WhiteElo "2025"]
[BlackElo "2053"]
[PlyCount "84"]
[EventDate "2004.10.24"]
[EventType "team-tourn"]
[EventRounds "9"]
[EventCountry "GER"]
[SourceTitle "EXT 2007"]
[Source "ChessBase"]
[SourceDate "2006.11.23"]
[SourceVersion "1"]
[SourceVersionDate "2006.11.23"]
[SourceQuality "1"]
[WhiteTeam "Bayern Muenchen III"]
[BlackTeam "Muenchen Tarrasch II"]
[WhiteTeamCountry "GER"]
[BlackTeamCountry "GER"]

1. d4 d5 2. c4 c6 3. Nc3 Nf6 4. Nf3 e6 5. Bg5 dxc4 6. a4 Bb4 7. Qc2 Nbd7 8. e4 Qa5 9. Bd2 b5 10. Be2 Qc7 11. 0-0 Bxc3 12. Bxc3 a5 13. Rfe1 0-0 14. e5 Nd5 15. Ng5 g6 16. Bd2 Re8 17. f4 Qb6 18. Nf3 c5 19. dxc5 Nxc5 20. Kh1 Nb3 21. Rad1 bxa4 22. Bxc4 Bb7 23. Bxd5 Bxd5 24. Be3 Qb7 25. Ng5 Rac8 26. Qf2 h6 27. Nh3 Rc4 28. Re2 Rec8 29. Kg1 Qe7 30. Qg3 Rc2 31. Rde1 Rxe2 32. Rxe2 Nc1 33. Rd2 Nb3 34. Rf2 a3 35. bxa3 Rc3 36. Re2 Nd4 37. Bxd4 Rxg3 38. hxg3 Qxa3 39. Kf2 Qd3 40. Be3 a4 41. Bc5 a3 42. Bxa3 Qxa3 0-1